000 00883cam a22003137a 4500
003 CHAP
005 20220817043229.0
008 971013s1988 r 00010 d
010 _a69108
011 _a70080
035 _a79560
040 _cCHAP
082 _a634.9204
_bF3
110 2 _aFAO
245 1 0 _aForestry policies in Europe
260 _aRome :
_bFAO,
_c1988
300 _a283 p.
490 0 _aFAO. Montes
_v; 86
590 _aBATCH-UPD
_b10
_c20130110
_lUCH01
_h0848
590 _aBATCH-UPD
_b10
_c20130410
_lUCH01
_h0521
590 _aBATCH-UPD
_b10
_c20130914
_lUCH01
_h0718
590 _aCONVERSION
_b10
_c20130109
_lUCH01
_h1338
650 1 4 _aBosques
_xEuropa.
_914172
650 1 4 _aPolĂ­tica forestal
_xEuropa.
_990578
830 0 _aFAO. Montes
_v; 86
_939632
901 _aBK
942 _cLIBRO
949 _a634.9204 F3
_bBC
_cFAO
_d-32449
_eFAO1
_h76108
_i79560
_mD
_si
999 _c69108
_d69108